El río distante : relatos de una infancia /

Guardado en:
Autor Principal: Barbieri, Vicente
Formato: Libro
Publicado: Buenos Aires : Huemul, 1976
Edición:5a. ed.
Materias:
Etiquetas: Agregar Etiqueta
Sin Etiquetas, Sea el primero en etiquetar este registro!
LEADER 00687nam a22002055a 4500
001 CEM.cems000838
005 20110304103923.0
008 130507s1976##################000#0#####d
003 CEMS
082 0 4 |a A863.4 
100 1 |a Barbieri, Vicente 
245 1 0 |a El río distante :  |b relatos de una infancia /  |c Vicente Barbieri ; introducción y Bibliografía Horacio Jorge Becco ; notas y Vocabulario Juan Carlos Pellegrini 
250 |a 5a. ed. 
260 |a Buenos Aires :  |b Huemul,  |c 1976 
300 |a 207 p. 
653 |a Literatura 
653 |a Literatura argentina 
653 |a Novelas 
653 |a Novela argentina-siglo 20 
859 |a CEMS  |b BIB. CEMS - 11 de abril  |h A863.4  |i B234-1  |p 16024.90  |t Ej.1